00541nam a22001097a 4500008004100000100003000041245005700071260002000128300002800148520023500176773002000411260603b ||||| |||| 00| 0 eng d aSengupta, Kaustubh Mani  aStepping back in time: Unknown Narratives of a city  aThe Book Review a49(6), Jun, 2025: p.8-9 aHarry Hobbs of Kolkata and other forgotten lives: Some unusual Caucasians of 19th centur5y Kolkata and their intriguing tales by Devasis Chattopadhyay, paper missile/Niyogi books, New Delhi, 2024, 275pp. Rs.495.00. – Reproduced  aThe Book Review